Music Quiz

Random Music or Song Quiz

Songs on Let It Bleed Quiz Stats

 Plays Quiz not verified by Sporcle

Challenge
Share
Tweet
Embed
Score 0/9 Timer 03:00
0 Plays Today
Side % Correct
Side 1Gimme Shelter
96.2%
Side 2You Can't Always Get What You Want
96.2%
Side 1Let It Bleed
88.7%
Side 1Country Honk
85.8%
Side 2Monkey Man
84.9%
Side 2Midnight Rambler
81.1%
Side 2You Got the Silver
75.5%
Side 1Love in Vain
74.5%
Side 1Live with Me
70.8%

You're not logged in!

Compare scores with friends on all Sporcle quizzes.
Join for Free
OR
Log In

You Might Also Like...

Show Comments

Extras

Top Quizzes Today


Score Distribution

Your Account Isn't Verified!

In order to create a playlist on Sporcle, you need to verify the email address you used during registration. Go to your Sporcle Settings to finish the process.

Report this User

Report this user for behavior that violates our Community Guidelines.

Details: